| 000 | 00497nam a2200169Ia 4500 | ||
|---|---|---|---|
| 008 | 230917s9999||||xx |||||||||||||| ||und|| | ||
| 020 | _cGBP28.99 | ||
| 040 |
_e238330 _aMAIN |
||
| 041 | _aEnglish | ||
| 082 | _a306.7082 F923S | ||
| 100 | _aFrohlick, Susan | ||
| 245 | 0 | _aSexuality, women, and tourism: Cross border desires through contemporary travel | |
| 260 |
_aLondon _bRoutledge _c2016 |
||
| 300 | _axv, 221 p. | ||
| 500 | _a2630 23/02/2017 RBP17/64570 23/03/2017 IHTM (SFS) | ||
| 942 | _cBK | ||
| 999 |
_c21625 _d21625 |
||